书目信息 |
| 题名: |
心理学与生活 Psychology and life
|
|
| 作者: | 理查德·格里格 , (美)菲利普·津巴多著 王垒 , 1963- 译 | |
| 分册: | ||
| 出版信息: | 北京 人民邮电出版社 2016.01 |
|
| 页数: | xxxi, 687页, [10] 页图版 : 图(部分彩图) | |
| 开本: | 28cm | |
| 丛书名: | ||
| 单 册: | ||
| 中图分类: | B84 | |
| 科图分类: | ||
| 主题词: | 心理学 | |
| 电子资源: | ||
| ISBN: | 978-7-115-40936-2 | |
| 000 | 00910nam0 2200229 45 | |
| 001 | 2156629893 | |
| 005 | 20210927154624.24 | |
| 010 | @a978-7-115-40936-2@dRMB 128.00 | |
| 100 | @a20210927d2016 km y0chiy0120 ea | |
| 101 | 0 | @achi |
| 102 | @aCN@b110000 | |
| 200 | 1 | @a心理学与生活 Psychology and life@Axin li xue yu sheng huo Psychology and life@f(美) 理查德·格里格, (美) 菲利普·津巴多著 王垒, 1963-译@F(mei)li cha de·ge li ge,(mei)fei li pu·jin ba duo zhu wang lei,1963-yi |
| 210 | @a北京@c人民邮电出版社@d2016.01 | |
| 215 | @axxxi, 687页, [10] 页图版 : 图(部分彩图)@d28cm | |
| 330 | @a是一部心理学经典教科书, 心理学导论类教材的典范之作. | |
| 606 | 0 | @a心理学 |
| 690 | @aB84@v4 | |
| 701 | 0 | @a理查德·格里格@Ali cha de·ge li ge@4译 |
| 701 | 0 | @a(美)菲利普·津巴多著 王垒@A(mei)fei li pu·jin ba duo zhu wang lei@4译 |
| 701 | 0 | @a1963-@4译 |
| 801 | 0 | @aCN@bPFT@c20210927 |
| 905 | @a10447@dB84@eL3542 | |
| 心理学与生活 Psychology and life/(美) 理查德·格里格, (美) 菲利普·津巴多著 王垒, 1963-译.-北京:人民邮电出版社,2016.01 |
| xxxi, 687页, [10] 页图版 : 图(部分彩图);28cm |
| ISBN 978-7-115-40936-2:RMB 128.00 |
| 是一部心理学经典教科书, 心理学导论类教材的典范之作. |
| ● |
| 相关链接 |
|
|
|
正题名:心理学与生活 Psychology and life
索取号:B84/L3542
 
预约/预借
| 序号 | 登录号 | 条形码 | 馆藏地/架位号 | 状态 | 备注 |
| 1 | 1505193 | 215051930 | 生命科学与工程学院资料室/ [索取号:B84/L3542] | 在馆 |